ڿϢ |
| 索取号 |
C55/GXLL
|
| 题名 |
Уս
|
| 作者 |
Уս߱༭
|
| 分册号 |
|
| 分册名 |
|
| 出版地 |
|
| 出版者 |
Уս־
|
| 标准刊号 |
1002-4409
|
| 出版频率 |
¿
|
| 中图法分类 |
G64
|
| 主题词 |
ѧ ; ѧ ڿ
|
| 电子资源 | |
| |
|
| 000 | 01532nas002200433 45 | |
| 001 | 1196061152 | |
| 005 | 20070417171734.09 | |
| 011 | @a1002-4409@dCNY6.00 | |
| 091 | @aCN@b11-2814 | |
| 092 | @aCN@b82-419 | |
| 100 | @a19930618a19919999m ye0chiy0121 eb | |
| 101 | 0 | @achi@eeng |
| 102 | @aCN@b110000 | |
| 110 | @aagaz 0yu0 | |
| 200 | 1 | @aУս@AGAO XIAO LI LUN ZHAN XIAN@dUniversity theory battlefront@fУս߱༭@FGao Xiao Li Lun Zhan Xian Bian Ji Bu@zeng |
| 207 | 0 | @a1991,no.1(1991,1,20)2013, |
| 210 | @a@bľֺͬ35(100816)@cУս־@d19912013 | |
| 215 | @d26cm | |
| 300 | @aд | |
| 305 | @aԭУѧΪУսߡ,2013ָΪйУѧ | |
| 326 | @a¿@b2013.3 | |
| 326 | @a˫¿@b1991 | |
| 330 | @aÿǹҽίۺѧѧۿ | |
| 432 | 1 | @12001 @aУѧ |
| 442 | @12001 @aйУѧ | |
| 510 | 1 | @aUniversity theory battlefront@zeng |
| 540 | 1 | @aУ ս@AGAO XIAO LI LUN ZHAN XIAN |
| 606 | 0 | @aѧ@x |
| 606 | 0 | @aѧ@xڿ |
| 676 | @a300@v19 | |
| 676 | @a378@v19 | |
| 690 | @aG64@v3 | |
| 690 | @aC@v3 | |
| 690 | @aC55@v4 | |
| 701 | 0 | @a@ALUO GUO JIE@4ܱ༭ |
| 711 | 02 | @aлҽίԱ@AZHONG HUA REN MIN GONG HE GUO GUO JIA JIAO YU WEI YUAN HUI@4 |
| 711 | 0 | @aУս߱༭@AGao Xiao Li Lun Zhan Xian Bian Ji Bu |
| 801 | 0 | @aCN@bPFT@c20070417 |
| 905 | @a1@cQ@dC55@eGXLL@y2013.3 | |
| Уս=University theory battlefront/Уս߱༭.-1991,no.1(1991,1,20)2013,.-(ľֺͬ35(100816))Уս־磬19912013 |
| 26cm |
| д.- |
| ISSN 1002-4409CNY6.00 |
| ÿǹҽίۺѧѧۿ |
| ● |
| 相关链接: |
|
|
|
|